Responses for show #6981 - Monday, January 12, 2015

John Schultz game 3.

Contestants

Lauren Gambier, an attorney from New York, New York

Ricardo Pineres, a government relations professional from Herndon, Virginia

John Schultz, a computer programmer from Ann Arbor, Michigan (whose 2-day cash winnings total $57,600)

Jeopardy! Round responses

THEY SAID IT ON TV
LITERARY NAME DROPPERS
BEER-POURRI
2015 ANNIVERSARIES
DUCKS
PUT IT ON MY "BILL"
    $200 4
George Costanza

John
    $200 8
Gulliver

John
    $200 2
the Rocky Mountains

John
    $200 17
a maple leaf

Lauren
    $200 1
Drake

Lauren
    $200 24
the Beverly Hillbillies

Ricardo
    $400 18
(Lauren: Who is Sam Seaborn?)
(Ricardo: Who is Josiah Bartlet?)

Michael Scott (Steve Carell)

JohnRicardoLauren
    $400 9
Rosencrantz & Guildenstern

Lauren
    $400 3
Heineken

Ricardo
    $400 21
Waterloo

Ricardo
    $400 13
preening

Lauren
    $400 26
billionaire

Lauren
    $600 14
Margaret Houlihan ("Hot Lips")

Lauren
    $600 10
Hannibal

John
    $600 5
a drone

Lauren
    $1,000 22
(Alex: Gotta keep that nose from growing.)

Pinocchio

Ricardo
    $600 16
a clam

Lauren
    $600 30
(John: What is Billets?)

Billings

JohnLauren
    $800 15
(Michael C.) Hall

John
    $800 11
Owen Meany

John
    $800 7
Pabst Blue Ribbon

Lauren
    $800 23
a Miata

Lauren
    $800 19
a dabbling duck

Triple Stumper
    $800 29
Playbill

Ricardo
    $1000 27
(John: Who is Stringer Bell?)
...
(John: Of course.)

Omar (Little)

John
Triple Stumper
    $1000 12
Beedle

John
    $1000 6
Blue Moon

John
    $1000 25
Rudyard Kipling

John
    $1000 20
the Muscovy duck

Triple Stumper
    $1000 28
billet-doux

Triple Stumper

Scores at the first commercial break (after clue 15):

John Ricardo Lauren
$4,800 $400 $3,000

Scores at the end of the Jeopardy! Round:

John Ricardo Lauren
$4,600 $2,400 $5,200

Double Jeopardy! Round responses

KIDS & THE BIBLE
SYMBOLS
ATTA TURK!
THE WHO
HIT THE ROAD
PROCESS OF "L-M-N"ATION
    $400 2
Cain

Ricardo
    $400 1
the Trinity

Lauren
    $400 8
a kebab

Ricardo
    $400 11
(Ricardo: Who is Roger Daltrey?)

(Pete) Townshend

JohnRicardo
    $400 27
Pennsylvania

Lauren
    $400 16
a flamingo

John
    $800 7
Jacob & Esau

Ricardo
    $800 3
Wales

Ricardo
    $800 9
poison

John
    $800 12
Tommy

John
    $800 30
the Appian Way

Ricardo
    $800 17
elementary

Lauren
    $1200 18
the prodigal son

John
    $1200 4
a cherry

Triple Stumper
    $1200 10
Suleyman

Triple Stumper
    $1200 13
San Francisco

Triple Stumper
    $6,000 21
the Oregon Trail

Lauren
    $1200 24
lament

John
    $1600 19
childish things

Lauren
    $1600 5
a rainbow

John
    $1600 28
the lira

Ricardo
    $1600 14
(Keith) Moon

John
    $1600 22
Harrods

Lauren
    $1600 25
clemency

John
    $2000 20
(Lauren: Who is Elijah?

Isaiah

Lauren
Triple Stumper
    $6,200 6
emerald

John
    $2000 29
cuneiform

Ricardo
    $2000 15
"Baba O'Riley"

John
    $2000 23
Pakistan & Afghanistan

Lauren
    $2000 26
(Ricardo: [No response])
(Alex: Oh, darn.)

albumen

JohnRicardo

Scores at the end of the Double Jeopardy! Round:

John Ricardo Lauren
$24,400 $6,800 $16,000

[wagering suggestions for these scores]

Final Jeopardy! Round responses

20th CENTURY BRITS
RicardoWho was Evan Boker
$6,750
LaurenWho is Howard Carter
$15,999
JohnWho was Neville Chamberlain
$8,000
T.E. Lawrence (Lawrence of Arabia)

Final scores:

John Ricardo Lauren
$16,400 $50 $1
3-day champion: $74,000 2nd place: $2,000 3rd place: $1,000

Game dynamics:

Coryat scores:

John Ricardo Lauren
$20,200 $6,400 $11,200
22 R
(including 1 DD),
2 W
12 R
(including 1 DD),
3 W
18 R
(including 1 DD),
2 W

Combined Coryat: $37,800

The J! Archive is created by fans, for fans. The Jeopardy! game show and all elements thereof, including but not limited to copyright and trademark thereto, are the property of Jeopardy Productions, Inc. and are protected under law. This website is not affiliated with, sponsored by, or operated by Jeopardy Productions, Inc. Join the discussion at JBoard.tv.